000 01950cam0 2200409 ib4500
001 BY-MI0006-br8924596
005 20251113122232.0
010 ^a978-5-699-73922-6
^bв переплете
^d10р.
035 ^a(BY-MI0006)BY-MI0006-br8924596
100 ^a20251016d2017 c y0rusy50 ca
101 1 ^arus
^ceng
102 ^aRU
105 ^aa z 000oy
109 ^ama
200 1 ^aАлиса в Зазеркалье
^e[для среднего школьного возраста]
^fЛьюис Кэрролл
^gиллюстрации Либико Марайя
^g[перевод с английского Т. Щепкиной-Куперник]
210 ^aМосква
^cЭксмо
^d2017
215 ^a140, [3] с.
^cил.
^d27 см
225 1 ^aИллюстрации из детства
333 ^a6+
345 ^93000 экз. (дополнительный тираж)
606 0 ^aСКАЗКИ
^3BY-NLB-ar2690406
^2DVNLB
606 0 ^aЛИТЕРАТУРНЫЕ СКАЗКИ
^3BY-NLB-ar2656268
^2DVNLB
606 0 ^aДЕТСКАЯ И ЮНОШЕСКАЯ ЛИТЕРАТУРА
^3BY-NLB-ar2691728
^2DVNLB
606 0 ^aАНГЛИЙСКАЯ ЛИТЕРАТУРА
^3BY-NLB-ar2468
^2DVNLB
608 ^aЛИТЕРАТУРНАЯ СКАЗКА
^2BYGNR
^3BY-NLB-ar16440
608 ^aСКАЗКА
^3BY-NLB-ar30342
^2BYGNR
608 ^aДЕТСКАЯ И ЮНОШЕСКАЯ ЛИТЕРАТУРА (художеств. произведение)
^3BY-NLB-ar9019
^2BYGNR
686 ^a84(4Вел)-4
^2rubbk
690 ^a1
^2Base
^9BY-MI0006
^xRSEK
700 1 ^aКэрролл
^bЛ.
^gЛьюис
^cписатель
^f1832—1898
^3BY-NLB-ar103230
702 1 ^aМарайя
^bЛ.
^gЛибико
^3BY-SEK-421138
^4040
702 1 ^aЩепкина-Куперник
^bТ.
^3BY-SEK-250744
^4730
801 0 ^aBY
^bBY-MI0006
^c20251016
^gRCR
899 0 ^aBY-MI0006
^iК98
^h84(4Вел)